000 00511nam a22001457a 4500
005 20250908095708.0
008 250908b |||||||| |||| 00| 0 eng d
100 _aNYANGAU E. KEBASO
245 _aIDENTIFICATION OF BEAN RUST(uromyces appendiculatus)RACES AND EVALUATION OF VIRULENCE AND TOLERANCE ON SELECTED BEAN CULTIVARS IN NYAMIRA AND NAROK SOUTH, KENYA.
260 _aKISII
_bKISII UNIVERSITY
_c2015
300 _aXIV,74P.
500 _aINCLUDES AN INDEX
650 _aBEAN DISEASES
942 _2lcc
_cREF
999 _c216074
_d216074